| 000 | 00402nam a22001697a 4500 | ||
|---|---|---|---|
| 005 | 20160616143529.0 | ||
| 008 | 160616b xxu||||| |||| 00| 0 eng d | ||
| 020 | _a0-7506-5806-6 | ||
| 041 | _aeng | ||
| 082 | _b8012 | ||
| 100 |
_aRylatt, Alastair _92132 |
||
| 245 | _aWinning the Knowledge Game | ||
| 260 |
_bPrulter wakt Hememan _c2003 |
||
| 300 | _a193 | ||
| 650 |
_aManagement _9241 |
||
| 942 | _cBK | ||
| 999 |
_c2981 _d2980 |
||